Chi vuol essere milionario? - Cars - Statistics

Statistiche generali
  • Questo quiz è stato fatto 238 volte
  • Il punteggio medio è 9 su 15
Statistiche sulle risposte
Hint Extra Hint Risposta % Corretto
€ 500 - Come si chiama il protagonista di Cars - Motori Ruggenti? A. Cars McQueen
B. Cars McKing
C. Saetta McQueen
D. Saetta McKing
C
96%
€ 2 000 - Come si chiama il paese in cui Saetta si perde ad inizio Cars - Motori Ruggenti? A. Carburator Town
B. Engine Hills
C. Mountain Track
D. Radiator Springs
D
95%
€ 1 500 - Qual è il numero di gara di Saetta McQueen? A. 1
B. 43
C. 86
D. 95
D
92%
€ 1 000 - Di quanti film si compone la saga cinematografica di Cars? A. 2
B. 3
C. 4
D. 5
B
90%
€ 3 000 - Quale canzone viene suonata durante il viaggio in autostrada di Mack in Cars - Motori Ruggenti? A. "Real Gone", Sheryl Crow
B. "Life Is a Highway", Rascal Flatts
C. "Sh-Boom", The Chords
D. "Drive", The Cars
B
87%
€ 5 000 - Qual è il soprannome di chi detiene il record, cioè 7, di Piston Cup vinte in carriera? A. Il Re
B. Il Campione
C. Il Fenomeno
D. Il Miracoloso
A
85%
€ 7 000 - Come si chiama la stazione di rifornimento di Radiator Springs? A. Flo's V6 Cafe
B. Flo's V8 Cafe
C. Flo's V10 Cafe
D. Flo's V12 Cafe
B
80%
€ 30 000 - Quale canale televisivo trasmette le gare della Piston Cup?
A. Speed Channel
B. Racing Sports Network
C. AutoVision
D. Motor Sports Network
B
51%
€ 300 000 - Cosa ha ispirato John Lasseter per la realizzazione di Cars 2? A. Il mondiale di calcio in Sudafrica
B. Una crociera nel Mediterraneo
C. Un film di James Bond
D. Un viaggio in treno sulle Alpi
C
50%
€ 10 000 - In quale stato americano si svolge l'ultima gara di Cars 3? A. California
B. Arizona
C. Florida
D. Texas
C
48%
€ 15 000 - Quale tra questi personaggi Pixar non è stato doppiato dal doppiatore di Mack? A. Hamm, Toy Story
B. P.T. Pulce, A bug's life
C. Marlin, Alla ricerca di Nemo
D. Mustafà, Ratatouille
C
40%
€ 1 000 000 - Prima della gara finale di Cars - Motori Ruggenti, sfilano in pista delle auto a formare la scritta "Piston Cup". Di quale colore sono? A. Rosso, verde, giallo
B. Blu, giallo, rosso
C. Verde, giallo, blu
D. Blu, verde, rosso
B
37%
€ 150 000 - Chi è il pilota che corre per Leak Less in Cars - Motori Ruggenti? A. Aiken Axler
B. Sage VanDerSpin
C. Strip Weathers
D. Claude Scruggs
D
29%
€ 70 000 - A chi è dedicato nei titoli di coda Cars - Motori Ruggenti? A. Joe Ranft
B. Owen Wilson
C. Dan Fogelman
D. John Lasseter
A
28%
€ 20 000 - Qual è l'unico di questi animali a NON comparire "carsizzato" in Cars - Motori Ruggenti? A. Orso
B. Dinosauro
C. Uccello
D. Pecora
D
23%
Nessun quiz corrispondente trovato
Distribuzione punteggi
Percentuale di utenti per punteggio
Percentile per numero di risposta
I tuoi punteggi nel tempo
Non hai fatto questo quiz